000 00212 a2200097 4500
001 41534
100 _aMir Muhammad Hussain
245 _aMazameen-e-Quran
260 _aLahore
_bIslamic
_c
090 _c25681
_d25681
942 _aNUST-CAE
_cM
_c17426
999 _c276607
_d276607